Water and sediment chemistry of selected existing and potential habitats of the Mohave tui chub, Mojave National Preserve, California, 2018 /

Bibliographic Details
Main Authors: Earp, Katherine J. (Author), Paul, Angela P. (Author)
Corporate Author: United States. National Park Service
Format: Government Document eBook
Language:English
Published: Reston, Virginia : U.S. Department of the Interior, U.S. Geological Survey, 2021.
Series:Scientific investigations report ; 2021-5106.
Subjects:
Online Access:https://purl.fdlp.gov/GPO/gpo171719

MARC

Tag First Indicator Second Indicator Subfields
LEADER 00000nam a2200000 i 4500
001 in00004575021
006 m o d f
007 cr |||||||||||
008 220208s2021 vauab ob f000 0 eng c
005 20220513205712.5
035 |a (OCoLC)on1295641903 
040 |a GPO  |b eng  |e rda  |e pn  |c GPO  |d MvI 
042 |a pcc 
043 |a n-us-ca 
049 |a WWW 
074 |a 0624-B-02 (online) 
086 0 |a I 19.42/4-4:2021-5106 
100 1 |a Earp, Katherine J.,  |e author. 
245 1 0 |a Water and sediment chemistry of selected existing and potential habitats of the Mohave tui chub, Mojave National Preserve, California, 2018 /  |c by Katherine J. Earp and Angela P. Paul. 
264 1 |a Reston, Virginia :  |b U.S. Department of the Interior, U.S. Geological Survey,  |c 2021. 
300 |a 1 online resource (v, 26 pages) :  |b illustrations (chiefly color), one color map. 
336 |a text  |b txt  |2 rdacontent 
337 |a computer  |b c  |2 rdamedia 
338 |a online resource  |b cr  |2 rdacarrier 
490 1 |a Scientific investigations report,  |x 2328-0328 ;  |v 2021-5106 
504 |a Includes bibliographical references (pages 23-26). 
500 |a GPO Cataloging Record Distribution Program (CRDP). 
588 |a Description based on online resource; title from PDF title page (USGS, viewed January 19, 2022). 
650 0 |a Water quality  |z California  |z Mojave National Preserve. 
650 0 |a Sediments (Geology)  |z California  |z Mojave National Preserve  |x Analysis. 
650 0 |a Tui chub  |x Habitat  |z California  |z Mojave National Preserve. 
700 1 |a Paul, Angela P.,  |e author. 
710 2 |a Geological Survey (U.S.),  |e issuing body. 
710 1 |a United States.  |b National Park Service. 
830 0 |a Scientific investigations report ;  |v 2021-5106. 
856 4 0 |u https://purl.fdlp.gov/GPO/gpo171719  |t 0 
999 f f |s 36a0846d-2ff7-4109-9c72-b348fc430cb6  |i 36a0846d-2ff7-4109-9c72-b348fc430cb6  |t 0 
952 f f |a Texas A&M University  |b College Station  |c Electronic Resources  |d Available Online  |t 0  |e I 19.42/4-4:2021-5106  |h Superintendent of Documents classification 
998 f f |a I 19.42/4-4:2021-5106  |t 0  |l Available Online